Statistiques concernant Capitales des Antilles

Cliquez ici pour prendre le quiz!

Statistiques générales

  • Ce quiz a été pris 204 fois
  • Le résultat moyen est 13 sur 27

Statistiques - réponses

Pays ou territoireCapitale% Correct
JamaiqueKingston
92%
Saint-Vincent-et-les-GrenadinesKingstown
92%
CubaLa Havane
92%
HaitiPort-au-Prince
91%
BahamasNassau
85%
République DominicaineSaint Domingue
82%
Guadeloupe FRBasse-Terre
78%
Saint-Kitts-et-NevisBasseterre
78%
DominiqueRoseau
74%
Sainte-LucieCastries
73%
Trinité-et-TobagoPort d'Espagne
67%
Antigua-et-BarbudaSt John's
63%
GrenadeSaint-Georges
62%
BarbadeBridgetown
61%
Martinique FRFort de France
61%
Iles Caimans RUGeorge Town
30%
Curaçao NLWillemstad
20%
Aruba NLOranjestad
17%
Saint Martin FRMarigot
15%
Montserrat RU (de jure)Plymouth
13%
Anguilla RUThe Valley
12%
Iles Vierges des Etats-Unis EUCharlotte Amalie
10%
Sint Maarten NLPhilipsburg
9%
Iles Vierges Britanniques RURoad Town
9%
Montserrat RU (de facto)Brades
7%
Iles Turks et Caiques RUCockburn Town
7%
Bonaire NLKralendijk
7%

Distribution des résultats

Percentile par nombre de réponses

% des personnes avec chaque résultat

Votre développement - résultats

Vous n’avez pas pris ce quiz